000
00233nam a2200097Ia 4500
008
200302s9999 xx 000 0 und d
100
_a
Percy Cane
245
_a
The Creative Art of Garden Design
260
_b
Publisher
300
_a
125 P.,
999
_c
2204
_d
2204